00526nmm a2200157Ia 4500008004100000020001800041041000800059100002500067245009500092264006600187300001800253650002200271856005100293942000700344999001700351251105s9999||||xx |||||||||||||||||und|| a9788490646090 aspa aLuna Morales, Alfons 0aArchie Robertson tiene la palabra :b Cómo los escoceses dijeron 'no' a su independencia a[Madrid, España] :bUniversitat Oberta de Catalunya, c2015 a126 páginas aHistory of Europe uhttps://public.digitaliapublishing.com/a/37982 cCF c87735d87735